| 000 | 01225cab a2200409 4500 | ||
|---|---|---|---|
| 001 | ABS49393 | ||
| 008 | 090401t1993 xxu||||| |||| 00| 0 eng d | ||
| 035 | _a(Sirsi) u71076 | ||
| 041 | _aeng | ||
| 100 | _aMartin, R. | ||
| 245 | _aProfessional liability - what price Caparo now? | ||
| 260 | _c1993 | ||
| 350 | _a0 | ||
| 490 |
_aProfessional Negligence _v9(3) 1993, 119-125(7) |
||
| 520 | _aDiscusses professional liability post "Caparo v Dickman". Reference to case law. | ||
| 650 | _aAL NAKIB V LONGCROFT | ||
| 650 | _aANNS AND OTHERS V MERTON LBC | ||
| 650 | _aBERG V ADAMS | ||
| 650 | _aCAPARO V DICKMAN | ||
| 650 | _aDAVIS V RADCLIFFE | ||
| 650 | _aDUTY OF CARE | ||
| 650 | _aHEDLEY BRYNE V HELLLER | ||
| 650 | _aJUNIOR BOOKS V VEITCHI | ||
| 650 | _aLIABILITY | ||
| 650 | _aLONRHO V TEBBIT | ||
| 650 | _aMORGAN CRUCIBLE V HILL SAMUEL BANK | ||
| 650 | _aNEGLIGENCE | ||
| 650 | _aPEABODY V PARKINSON | ||
| 650 | _aROSS V CAUNTERS | ||
| 650 | _aSMITH V BUSH | ||
| 650 | _aSPRING V GUARDIAN ASSURANCE | ||
| 650 | _aWEIR V NATIONAL WESTMINSTER BANK | ||
| 650 | _aWHITE V JONES | ||
| 690 | _aMANAGEMENT-BUSINESS MANAGEMENT-PROFESSIONAL PRACTICE | ||
| 942 | _n0 | ||
| 948 | _c04/03/1997 | ||
| 999 |
_c44778 _d44778 |
||